000 00767nam a2200229 i 4500
001 86646
003 ES-MaACL
005 20250801034158.0
007 t|
008 041214s1974 sp ||||1| spa d
100 1 _aKautsky, Karl.
_967661
245 1 0 _aOrígenes y fundamentos del cristianismo /
_cKarl Kautsky ; introducción de Jesús Muga ; [tradujo, Diego Rosado de la Espada].
260 _aSalamanca :
_bSígueme,
_c1974.
300 _a435 p. ;
_c23 cm.
490 1 _aÁgora. Crítica, religión, sociedad
650 7 _aCristianismo
_2embne
_911425
700 1 _aMuga, Jesús.
_984053
700 1 _aRosado de la Espada, Diego.
_999625
830 1 _aÁgora. Crítica, religión, sociedad
_9181030
852 _aES-MaACL
_jE-6283
999 _c86646
_d86646